Možnosti zvyšovania konkurencieschopnosti na príklade konkrétnej firmy bakalárska práca

Enregistré dans:
Détails bibliographiques
Auteur principal: Valas, Štefan
Collectivité auteur: Obchodná fakulta EU. Katedra informatiky obchodných firiem
Autres auteurs: Hlavatý, Ivan, 1978-
Format: Livre
Langue:slovaque
Publié: Bratislava 2012
Tags: Ajouter un tag
Pas de tags, Soyez le premier à ajouter un tag!

MARC

LEADER 00000nbm a2200000 4500
001 0154291
005 20161109111833.4
041 0 |a slo 
044 |a SK 
245 1 0 |a Možnosti zvyšovania konkurencieschopnosti na príklade konkrétnej firmy  |b bakalárska práca  |c Štefan Valas ; školiteľ: Ivan Hlavatý 
264 1 |a Bratislava  |c 2012 
300 |a 49 s. 
100 1 |a Valas, Štefan 
700 1 |a Hlavatý, Ivan, 1978- 
710 2 |a Obchodná fakulta EU. Katedra informatiky obchodných firiem